[Event "Rapid 2018"]
[Site "Saint-Petersburg"]
[Date "2018.12.27"]
[Round "10"]
[Board "72"]
[White "Geller Jakov (RUS)"]
[Black "Anikonov Dmitry (RUS)"]
[Result "1/2-1/2"]
[LiveChessVersion "1.4.8"]
[BlackElo "2413"]
[WhiteElo "2530"]

1. e4 {[%clk 0:15:17]} d6 {[%clk 0:15:20]} 2. d4 {[%clk 0:15:25]} Nf6
{[%clk 0:15:28]} 3. Nc3 {[%clk 0:15:34]} e5 {[%clk 0:15:37]} 4. Nf3
{[%clk 0:15:41]} exd4 {[%clk 0:15:46]} 5. Nxd4 {[%clk 0:15:46]} Be7
{[%clk 0:15:54]} 6. g3 {[%clk 0:15:39]} d5 {[%clk 0:16:03]} 7. e5
{[%clk 0:15:18]} Ng4 {[%clk 0:16:11]} 8. e6 {[%clk 0:14:31]} Nf6 {[%clk 0:16:19]}
9. exf7+ {[%clk 0:14:33]} Kxf7 {[%clk 0:16:27]} 10. Bg2 {[%clk 0:14:33]} Re8
{[%clk 0:16:34]} 11. O-O {[%clk 0:14:41]} c6 {[%clk 0:16:42]} 12. Re1
{[%clk 0:14:28]} Na6 {[%clk 0:16:50]} 13. Bf4 {[%clk 0:13:19]} Nc7
{[%clk 0:16:40]} 14. Qd3 {[%clk 0:13:10]} Kg8 {[%clk 0:14:48]} 15. h3
{[%clk 0:12:51]} Bd6 {[%clk 0:13:47]} 16. Rxe8+ {[%clk 0:12:04]} Ncxe8
{[%clk 0:13:50]} 17. Bg5 {[%clk 0:11:53]} Bd7 {[%clk 0:12:46]} 18. Re1
{[%clk 0:11:42]} Nc7 {[%clk 0:11:45]} 19. Nd1 {[%clk 0:08:32]} h6
{[%clk 0:11:20]} 20. Bd2 {[%clk 0:08:27]} Qc8 {[%clk 0:11:19]} 21. Bxh6
{[%clk 0:07:58]} c5 {[%clk 0:10:47]} 22. Qg6 {[%clk 0:07:09]} Qf8
{[%clk 0:10:55]} 23. Nb3 {[%clk 0:06:03]} Be8 {[%clk 0:10:15]} 24. Qg5
{[%clk 0:05:45]} Kh7 {[%clk 0:09:30]} 25. Bxg7 {[%clk 0:05:01]} Qxg7
{[%clk 0:09:49]} 26. Qd2 {[%clk 0:05:02]} Bg6 {[%clk 0:08:43]} 27. Nc3
{[%clk 0:03:50]} Rd8 {[%clk 0:07:11]} 28. Na5 {[%clk 0:03:44]} b6
{[%clk 0:05:14]} 29. Nc6 {[%clk 0:02:36]} Re8 {[%clk 0:04:47]} 30. Rxe8
{[%clk 0:01:57]} Bxe8 {[%clk 0:04:56]} 31. Nxa7 {[%clk 0:02:05]} Be5
{[%clk 0:03:44]} 32. Nc8 {[%clk 0:01:30]} b5 {[%clk 0:02:22]} 33. Qe2
{[%clk 0:01:12]} Bxc3 {[%clk 0:01:31]} 34. bxc3 {[%clk 0:01:21]} Qd7
{[%clk 0:01:22]} 35. Ne7 {[%clk 0:01:01]} Bg6 {[%clk 0:00:45]} 36. Qe5
{[%clk 0:00:46]} Nce8 {[%clk 0:00:31]} 37. Nxd5 {[%clk 0:00:40]} Nxd5
{[%clk 0:00:40]} 38. Bxd5 {[%clk 0:00:45]} Qd6 {[%clk 0:00:47]} 39. Qxd6
{[%clk 0:00:16]} Nxd6 {[%clk 0:00:56]} 40. a3 {[%clk 0:00:19]} Bxc2
{[%clk 0:00:58]} 41. f3 {[%clk 0:00:25]} Kg7 {[%clk 0:00:32]} 42. Kf2
{[%clk 0:00:34]} Kf6 {[%clk 0:00:42]} 43. h4 {[%clk 0:00:33]} Bd3
{[%clk 0:00:30]} 44. h5 {[%clk 0:00:17]} Bc4 {[%clk 0:00:38]} 45. Bc6
{[%clk 0:00:23]} Bf7 {[%clk 0:00:27]} 46. g4 {[%clk 0:00:30]} Nc4
{[%clk 0:00:29]} 47. Bxb5 {[%clk 0:00:32]} Nxa3 {[%clk 0:00:38]} 48. Ba6
{[%clk 0:00:17]} Nb1 {[%clk 0:00:42]} 49. f4 {[%clk 0:00:15]} Nxc3
{[%clk 0:00:49]} 50. Bd3 {[%clk 0:00:23]} Kg7 {[%clk 0:00:48]} 51. Kg3
{[%clk 0:00:23]} c4 {[%clk 0:00:57]} 52. Bc2 {[%clk 0:00:26]} Ne2+
{[%clk 0:01:04]} 53. Kf2 {[%clk 0:00:22]} Nxf4 {[%clk 0:00:42]} 54. Ke3
{[%clk 0:00:32]} Nd5+ {[%clk 0:00:36]} 55. Kd4 {[%clk 0:00:40]} Nb4
{[%clk 0:00:40]} 56. Be4 {[%clk 0:00:40]} Kh6 {[%clk 0:00:44]} 57. Bf3
{[%clk 0:00:29]} Nc2+ {[%clk 0:00:43]} 58. Kc3 {[%clk 0:00:37]} Ne3
{[%clk 0:00:42]} 59. Kd4 {[%clk 0:00:30]} Nc2+ {[%clk 0:00:42]} 60. Kc3
{[%clk 0:00:39]} Ne3 {[%clk 0:00:51]} 61. Kd4 {[%clk 0:00:48]} Nc2+
{[%clk 0:00:34]} 62. Kc3 1/2-1/2

[Event "Rapid 2018"]
[Site "Saint-Petersburg"]
[Date "2018.12.27"]
[Round "10"]
[Board "73"]
[White "Zubritskiy Artyom (RUS)"]
[Black "Kryakvin Dmitry (RUS)"]
[Result "1/2-1/2"]
[LiveChessVersion "1.4.8"]
[BlackElo "2529"]
[WhiteElo "2397"]

1. d4 {[%clk 0:15:04]} d5 {[%clk 0:15:15]} 2. c4 {[%clk 0:15:13]} c6
{[%clk 0:15:24]} 3. Nf3 {[%clk 0:15:21]} Nf6 {[%clk 0:15:33]} 4. e3
{[%clk 0:15:29]} Bf5 {[%clk 0:15:41]} 5. Nc3 {[%clk 0:15:38]} e6 {[%clk 0:15:50]}
6. Nh4 {[%clk 0:15:46]} Be4 {[%clk 0:15:59]} 7. f3 {[%clk 0:15:54]} Bg6
{[%clk 0:16:07]} 8. g3 {[%clk 0:14:45]} Be7 {[%clk 0:16:06]} 9. Be2
{[%clk 0:14:41]} a6 {[%clk 0:15:57]} 10. Nxg6 {[%clk 0:13:57]} hxg6
{[%clk 0:16:05]} 11. O-O {[%clk 0:14:05]} Nbd7 {[%clk 0:15:34]} 12. cxd5
{[%clk 0:13:07]} cxd5 {[%clk 0:15:10]} 13. a4 {[%clk 0:12:56]} O-O
{[%clk 0:15:08]} 14. Qb3 {[%clk 0:12:04]} Qb6 {[%clk 0:14:29]} 15. Qxb6
{[%clk 0:12:12]} Nxb6 {[%clk 0:14:37]} 16. a5 {[%clk 0:10:14]} Nbd7
{[%clk 0:14:10]} 17. Bd2 {[%clk 0:10:18]} Rfc8 {[%clk 0:14:05]} 18. Na4
{[%clk 0:03:48]} Rc2 {[%clk 0:08:59]} 19. Rfd1 {[%clk 0:03:49]} e5
{[%clk 0:09:08]} 20. Bd3 {[%clk 0:01:47]} Rc6 {[%clk 0:08:00]} 21. b4
{[%clk 0:01:17]} e4 {[%clk 0:07:33]} 22. fxe4 {[%clk 0:00:38]} dxe4
{[%clk 0:07:12]} 23. b5 {[%clk 0:00:31]} Rc7 {[%clk 0:06:33]} 24. Nb6
{[%clk 0:00:13]} Rd8 {[%clk 0:05:53]} 25. Be2 {[%clk 0:00:22]} axb5
{[%clk 0:05:44]} 26. Nxd7 {[%clk 0:00:28]} Rdxd7 {[%clk 0:04:01]} 27. Bxb5 Rd8
28. a6 {[%clk 0:00:40]} bxa6 {[%clk 0:04:19]} 29. Ba5 {[%clk 0:00:46]} axb5
{[%clk 0:03:55]} 30. Bxc7 {[%clk 0:00:56]} Rd7 {[%clk 0:04:03]} 31. Bf4
{[%clk 0:00:28]} Nd5 {[%clk 0:03:58]} 32. h4 {[%clk 0:00:37]} b4 {[%clk 0:03:40]}
33. Rdb1 {[%clk 0:00:24]} Kh7 {[%clk 0:02:57]} 34. Ra5 {[%clk 0:00:22]} Bd8
{[%clk 0:02:10]} 35. Rc5 {[%clk 0:00:17]} Be7 {[%clk 0:01:47]} 36. Ra5
{[%clk 0:00:26]} Bd8 {[%clk 0:01:52]} 37. Rxd5 {[%clk 0:00:15]} Rxd5 38. Rxb4 g5
{[%clk 0:01:56]} 39. hxg5 {[%clk 0:00:32]} Bxg5 {[%clk 0:02:05]} 40. Bxg5
{[%clk 0:00:18]} Rxg5 {[%clk 0:01:56]} 41. Kf2 {[%clk 0:00:27]} Rf5+
{[%clk 0:02:01]} 42. Ke2 {[%clk 0:00:36]} Kg6 {[%clk 0:01:54]} 43. d5
{[%clk 0:00:35]} Rxd5 {[%clk 0:01:22]} 44. Rxe4 {[%clk 0:00:43]} Rf5
{[%clk 0:01:31]} 45. Ra4 {[%clk 0:00:41]} Kg5 {[%clk 0:01:35]} 46. Rb4
{[%clk 0:00:44]} g6 {[%clk 0:01:28]} 47. Rc4 {[%clk 0:00:53]} 1/2-1/2

[Event "Rapid 2018"]
[Site "Saint-Petersburg"]
[Date "2018.12.27"]
[Round "10"]
[Board "74"]
[White "Borisenko Viacheslav (UKR)"]
[Black "Baron Tal (ISR)"]
[Result "0-1"]
[LiveChessVersion "1.4.8"]
[BlackElo "2525"]
[WhiteElo "2367"]

1. e4 e5 2. f4 exf4 3. Nf3 Ne7 4. d4 d5 5. e5 Ng6 6. Bd3 c5 7. c3 Nc6 8. Bxg6
hxg6 9. Bxf4 Bg4 10. Be3 Qb6 11. Qd2 O-O-O 12. O-O f6 13. exf6 gxf6 14. h3 Bf5
15. dxc5 Bxc5 16. Nd4 Bxh3 17. Rxf6 Bf5 18. Na3 Rh4 19. Nxf5 gxf5 20. Bxc5 Qxc5+
21. Qf2 Rh1+ 0-1

[Event "Rapid 2018"]
[Site "Saint-Petersburg"]
[Date "2018.12.27"]
[Round "10"]
[Board "75"]
[White "Anisimov Pavel (RUS)"]
[Black "Nihal Sarin (IND)"]
[Result "0-1"]
[LiveChessVersion "1.4.8"]
[BlackElo "2173"]
[WhiteElo "2513"]

1. d4 {[%clk 0:15:18]} Nf6 {[%clk 0:15:16]} 2. Bf4 {[%clk 0:15:26]} e6
{[%clk 0:15:11]} 3. e3 {[%clk 0:15:35]} b6 {[%clk 0:15:16]} 4. Nf3
{[%clk 0:15:37]} Bb7 {[%clk 0:15:20]} 5. Bd3 {[%clk 0:15:27]} Be7
{[%clk 0:15:17]} 6. Nbd2 {[%clk 0:15:28]} Nh5 {[%clk 0:15:21]} 7. Bg3
{[%clk 0:15:30]} O-O {[%clk 0:14:44]} 8. Ng5 {[%clk 0:12:40]} Nf6
{[%clk 0:14:10]} 9. e4 {[%clk 0:12:15]} h6 {[%clk 0:14:06]} 10. h4
{[%clk 0:12:04]} d6 {[%clk 0:12:22]} 11. Qe2 {[%clk 0:10:08]} Nc6
{[%clk 0:08:35]} 12. c3 {[%clk 0:08:47]} e5 {[%clk 0:08:43]} 13. dxe5
{[%clk 0:07:42]} Nxe5 {[%clk 0:08:20]} 14. Bc2 {[%clk 0:06:55]} Nfd7
{[%clk 0:06:47]} 15. f4 {[%clk 0:06:21]} hxg5 {[%clk 0:05:20]} 16. fxe5
{[%clk 0:05:19]} gxh4 {[%clk 0:04:45]} 17. exd6 {[%clk 0:05:11]} cxd6
{[%clk 0:04:36]} 18. e5 {[%clk 0:04:05]} Nxe5 {[%clk 0:03:26]} 19. O-O-O
{[%clk 0:03:29]} Bg5 {[%clk 0:03:00]} 20. Bxh4 Bxh4 {[%clk 0:03:06]} 21. Bh7+
{[%clk 0:00:57]} Kh8 {[%clk 0:02:34]} 22. Qh5 {[%clk 0:00:27]} Bg5
{[%clk 0:00:45]} 23. Be4+ {[%clk 0:00:21]} Bh6 {[%clk 0:00:54]} 24. Bxb7
{[%clk 0:00:25]} Nd3+ {[%clk 0:00:44]} 25. Kc2 {[%clk 0:00:30]} Nf2
{[%clk 0:00:50]} 26. Bxa8 {[%clk 0:00:20]} Qxa8 {[%clk 0:00:39]} 27. g4
{[%clk 0:00:20]} f6 {[%clk 0:00:24]} 28. Rdf1 {[%clk 0:00:15]} Nxh1
{[%clk 0:00:31]} 29. Rxh1 {[%clk 0:00:24]} Qe8 {[%clk 0:00:23]} 30. Qf5
{[%clk 0:00:26]} Qe5 {[%clk 0:00:21]} 31. Qd3 {[%clk 0:00:23]} d5
{[%clk 0:00:20]} 32. Nf3 {[%clk 0:00:30]} Qe4 {[%clk 0:00:26]} 33. Re1
{[%clk 0:00:24]} Qxg4 {[%clk 0:00:22]} 34. Qxd5 {[%clk 0:00:33]} Qg6+
{[%clk 0:00:25]} 35. Kb3 {[%clk 0:00:24]} Qf7 {[%clk 0:00:34]} 36. Re6
{[%clk 0:00:18]} Re8 {[%clk 0:00:23]} 37. Nd4 {[%clk 0:00:23]} Rxe6
{[%clk 0:00:27]} 38. Nxe6 {[%clk 0:00:32]} f5 {[%clk 0:00:31]} 39. c4
{[%clk 0:00:39]} f4 {[%clk 0:00:23]} 40. Qd8+ {[%clk 0:00:36]} Qg8
{[%clk 0:00:24]} 41. Nf8 {[%clk 0:00:13]} g5 {[%clk 0:00:18]} 42. Qd4+
{[%clk 0:00:15]} Qg7 43. Ng6+ Kh7 44. Ne5 Qf6 {[%clk 0:00:28]} 45. Qe4+
{[%clk 0:00:41]} Kg7 {[%clk 0:00:33]} 46. Qb7+ {[%clk 0:00:50]} Kg8
{[%clk 0:00:39]} 47. Qd5+ {[%clk 0:00:56]} Kh8 {[%clk 0:00:45]} 48. Ng4
{[%clk 0:00:53]} Qg6 {[%clk 0:00:48]} 49. Qa8+ {[%clk 0:01:00]} Kh7
{[%clk 0:00:55]} 50. Qxa7+ {[%clk 0:00:56]} Bg7 {[%clk 0:01:03]} 51. Qd7
{[%clk 0:01:00]} Qb1 {[%clk 0:00:49]} 52. Qd2 {[%clk 0:00:52]} Qe4
{[%clk 0:00:45]} 53. Qd7 {[%clk 0:00:31]} Kg6 {[%clk 0:00:40]} 54. Kb4
{[%clk 0:00:14]} f3 {[%clk 0:00:25]} 55. Nf2 {[%clk 0:00:16]} Qe1+
{[%clk 0:00:20]} 56. Kb5 {[%clk 0:00:23]} Qa5+ {[%clk 0:00:21]} 57. Kc6
{[%clk 0:00:31]} Qa4+ {[%clk 0:00:30]} 58. Kc7 {[%clk 0:00:40]} Be5+
{[%clk 0:00:36]} 59. Kd8 {[%clk 0:00:45]} Qxd7+ 60. Kxd7 Kf5 {[%clk 0:00:49]} 61.
b4 {[%clk 0:00:44]} Bd4 {[%clk 0:00:53]} 62. Nh1 {[%clk 0:00:41]} Kf4
{[%clk 0:00:57]} 63. Kc6 {[%clk 0:00:44]} g4 {[%clk 0:01:02]} 64. Kd5
{[%clk 0:00:46]} g3 {[%clk 0:01:06]} 65. Kxd4 {[%clk 0:00:55]} g2
{[%clk 0:01:14]} 0-1

[Event "Rapid 2018"]
[Site "Saint-Petersburg"]
[Date "2018.12.27"]
[Round "10"]
[Board "76"]
[White "Makoveev Ilya (RUS)"]
[Black "Salgado Lopez Ivan (ESP)"]
[Result "0-1"]
[LiveChessVersion "1.4.8"]
[BlackElo "2618"]
[WhiteElo "2173"]

1. e4 {[%clk 0:15:18]} e5 {[%clk 0:15:18]} 2. Nf3 {[%clk 0:15:26]} Nc6
{[%clk 0:15:26]} 3. Bc4 {[%clk 0:15:33]} Bc5 {[%clk 0:15:33]} 4. O-O
{[%clk 0:15:40]} d6 {[%clk 0:15:39]} 5. c3 {[%clk 0:10:05]} Bb6 {[%clk 0:15:45]}
6. h3 {[%clk 0:09:11]} Qf6 {[%clk 0:15:17]} 7. d3 {[%clk 0:08:45]} h6
{[%clk 0:15:21]} 8. Be3 {[%clk 0:08:42]} Nge7 {[%clk 0:15:28]} 9. Nbd2
{[%clk 0:08:15]} g5 {[%clk 0:15:22]} 10. Nh2 {[%clk 0:07:53]} Ng6
{[%clk 0:15:30]} 11. Qf3 {[%clk 0:06:57]} Qg7 {[%clk 0:15:11]} 12. Kh1
{[%clk 0:03:59]} Nf4 {[%clk 0:14:50]} 13. g3 {[%clk 0:02:45]} Nxh3
{[%clk 0:14:35]} 14. Ng4 {[%clk 0:02:54]} f5 {[%clk 0:14:34]} 15. exf5
{[%clk 0:02:52]} h5 {[%clk 0:14:06]} 16. f6 {[%clk 0:02:19]} Qg6 {[%clk 0:14:13]}
17. Nh2 {[%clk 0:02:07]} g4 {[%clk 0:13:47]} 18. f7+ {[%clk 0:02:14]} Ke7
{[%clk 0:13:06]} 19. Qg2 {[%clk 0:01:58]} Be6 {[%clk 0:12:15]} 20. Bxb6
{[%clk 0:01:51]} axb6 {[%clk 0:12:20]} 21. f4 {[%clk 0:01:55]} Bxc4
{[%clk 0:11:55]} 22. dxc4 {[%clk 0:01:36]} exf4 {[%clk 0:11:32]} 23. gxf4
{[%clk 0:01:31]} Qxf7 {[%clk 0:10:59]} 24. Qd5 {[%clk 0:00:42]} Raf8
{[%clk 0:09:03]} 25. Ne4 {[%clk 0:00:31]} Kd7 {[%clk 0:08:37]} 26. f5
{[%clk 0:00:11]} Qxd5 {[%clk 0:08:21]} 27. cxd5 {[%clk 0:00:19]} Ne7
{[%clk 0:08:10]} 28. f6 {[%clk 0:00:15]} Nxd5 {[%clk 0:08:18]} 29. Rae1
{[%clk 0:00:22]} Rh6 {[%clk 0:07:45]} 30. f7 {[%clk 0:00:11]} Ndf4
{[%clk 0:07:39]} 31. Re3 {[%clk 0:00:11]} Rxf7 {[%clk 0:07:29]} 32. c4
{[%clk 0:00:11]} Re6 {[%clk 0:07:06]} 0-1

[Event "Rapid 2018"]
[Site "Saint-Petersburg"]
[Date "2018.12.27"]
[Round "10"]
[Board "77"]
[White "Smirin Ilia (ISR)"]
[Black "Dzhumagaliev Yan (RUS)"]
[Result "1-0"]
[LiveChessVersion "1.4.8"]
[BlackElo "2485"]
[WhiteElo "2601"]

1. e4 {[%clk 0:15:19]} c5 {[%clk 0:15:18]} 2. Nf3 {[%clk 0:15:27]} e6
{[%clk 0:15:22]} 3. d4 {[%clk 0:15:35]} cxd4 {[%clk 0:15:30]} 4. Nxd4
{[%clk 0:15:44]} Nc6 {[%clk 0:15:39]} 5. Nc3 {[%clk 0:15:52]} Qc7
{[%clk 0:15:47]} 6. f4 {[%clk 0:15:51]} a6 {[%clk 0:15:43]} 7. Be3
{[%clk 0:15:44]} b5 {[%clk 0:15:23]} 8. Bd3 {[%clk 0:15:46]} Nxd4
{[%clk 0:14:59]} 9. Bxd4 {[%clk 0:15:53]} Qxf4 {[%clk 0:15:02]} 10. Rf1
{[%clk 0:15:50]} Qh4+ {[%clk 0:13:06]} 11. g3 {[%clk 0:15:37]} Qe7
{[%clk 0:13:12]} 12. e5 {[%clk 0:15:21]} Bb7 {[%clk 0:10:58]} 13. Be4
{[%clk 0:14:53]} Bxe4 {[%clk 0:10:20]} 14. Nxe4 {[%clk 0:15:00]} Qb4+
{[%clk 0:10:18]} 15. c3 {[%clk 0:14:36]} Qxb2 {[%clk 0:10:26]} 16. Rf2
{[%clk 0:14:13]} Qa3 {[%clk 0:10:33]} 17. Qf3 {[%clk 0:14:21]} O-O-O
{[%clk 0:10:41]} 18. Nd6+ {[%clk 0:12:13]} Bxd6 {[%clk 0:10:48]} 19. exd6
{[%clk 0:12:20]} Qxd6 {[%clk 0:10:35]} 20. Bxg7 {[%clk 0:11:56]} Ne7
{[%clk 0:07:40]} 21. Bxh8 {[%clk 0:11:31]} Nd5 {[%clk 0:07:20]} 22. Bf6
{[%clk 0:10:57]} Rg8 {[%clk 0:07:28]} 23. Rd1 {[%clk 0:11:00]} Qc6
{[%clk 0:07:17]} 24. Bd4 {[%clk 0:09:12]} f5 {[%clk 0:07:24]} 25. Qh5
{[%clk 0:09:14]} Rg4 {[%clk 0:07:17]} 26. Qxh7 {[%clk 0:08:51]} Qc4
{[%clk 0:03:25]} 27. Re2 {[%clk 0:08:19]} Kc7 {[%clk 0:01:55]} 28. Be5+
{[%clk 0:08:05]} Kc6 {[%clk 0:01:56]} 29. Qh8 {[%clk 0:08:07]} Kb6
{[%clk 0:00:15]} 30. Qd8+ 1-0

[Event "Rapid 2018"]
[Site "Saint-Petersburg"]
[Date "2018.12.27"]
[Round "10"]
[Board "78"]
[White "Gareyev Timur (USA)"]
[Black "Apryshko Gleb (RUS)"]
[Result "1-0"]
[LiveChessVersion "1.4.8"]
[BlackElo "2420"]
[WhiteElo "2575"]

1. d4 {[%clk 0:14:48]} d5 {[%clk 0:12:15]} 2. c4 {[%clk 0:14:52]} e6
{[%clk 0:12:23]} 3. Nc3 {[%clk 0:15:00]} a6 {[%clk 0:12:31]} 4. cxd5
{[%clk 0:13:47]} exd5 {[%clk 0:12:40]} 5. Bf4 {[%clk 0:13:56]} Nf6
{[%clk 0:12:21]} 6. e3 {[%clk 0:13:56]} Bd6 {[%clk 0:12:29]} 7. Bxd6
{[%clk 0:13:34]} Qxd6 {[%clk 0:12:38]} 8. Bd3 {[%clk 0:13:40]} O-O 9. Qc2
{[%clk 0:13:05]} b6 {[%clk 0:12:45]} 10. Nf3 {[%clk 0:13:10]} Bb7
{[%clk 0:10:53]} 11. g4 {[%clk 0:10:49]} Re8 {[%clk 0:07:02]} 12. O-O-O
{[%clk 0:10:57]} Nbd7 {[%clk 0:05:59]} 13. Bf5 {[%clk 0:10:51]} Nf8
{[%clk 0:03:25]} 14. Rhg1 {[%clk 0:10:08]} Ne4 {[%clk 0:02:49]} 15. Kb1
{[%clk 0:09:32]} Re7 {[%clk 0:02:43]} 16. h4 {[%clk 0:07:56]} Rae8
{[%clk 0:02:27]} 17. g5 {[%clk 0:07:36]} g6 {[%clk 0:02:00]} 18. Bxe4
{[%clk 0:07:32]} dxe4 {[%clk 0:02:09]} 19. Ne5 {[%clk 0:07:39]} Nd7
{[%clk 0:02:10]} 20. Ng4 {[%clk 0:07:19]} f5 {[%clk 0:01:24]} 21. Nh6+
{[%clk 0:05:49]} Kg7 {[%clk 0:01:22]} 22. h5 {[%clk 0:05:52]} b5 {[%clk 0:00:51]}
23. Ne2 {[%clk 0:05:52]} Nb6 {[%clk 0:01:01]} 24. hxg6 {[%clk 0:04:12]} hxg6
{[%clk 0:01:10]} 25. Rh1 {[%clk 0:04:20]} Nd5 {[%clk 0:00:52]} 26. Rh4
{[%clk 0:04:26]} Kf8 {[%clk 0:00:21]} 27. Rdh1 {[%clk 0:04:22]} Rg7
{[%clk 0:00:28]} 28. Ng3 {[%clk 0:03:30]} Nxe3 {[%clk 0:00:16]} 29. fxe3
{[%clk 0:03:39]} Qxg3 {[%clk 0:00:25]} 30. Nxf5 {[%clk 0:03:48]} gxf5
{[%clk 0:00:29]} 31. Qc5+ {[%clk 0:03:56]} Qd6 {[%clk 0:00:36]} 32. Qxf5+
{[%clk 0:03:57]} Ke7 {[%clk 0:00:46]} 33. Rh6 {[%clk 0:04:05]} Rf8
{[%clk 0:00:28]} 34. Qh3 {[%clk 0:03:08]} Rg6 {[%clk 0:00:33]} 35. Rh8
{[%clk 0:03:02]} Qe6 {[%clk 0:00:15]} 36. Qh2 {[%clk 0:02:11]} Qd6
{[%clk 0:00:14]} 37. Qh7+ {[%clk 0:01:23]} Rf7 {[%clk 0:00:23]} 38. Qh5
{[%clk 0:01:32]} Rfg7 {[%clk 0:00:19]} 39. Rf1 {[%clk 0:01:41]} Bd5
{[%clk 0:00:24]} 40. Rff8 {[%clk 0:01:49]} Bf7 {[%clk 0:00:32]} 41. Qh4
{[%clk 0:01:49]} Qe6 {[%clk 0:00:39]} 42. b3 {[%clk 0:01:52]} Rxg5
{[%clk 0:00:44]} 43. Rc8 {[%clk 0:01:29]} Qc6 {[%clk 0:00:17]} 44. Rh7
{[%clk 0:01:08]} Qf6 {[%clk 0:00:14]} 45. Rxc7+ {[%clk 0:01:12]} Kd8
{[%clk 0:00:13]} 46. Rxg7 {[%clk 0:01:21]} Qxg7 {[%clk 0:00:12]} 47. Rc5
{[%clk 0:01:30]} 1-0

[Event "Rapid 2018"]
[Site "Saint-Petersburg"]
[Date "2018.12.27"]
[Round "10"]
[Board "79"]
[White "Teterev Vitaly (BLR)"]
[Black "Shinkevich Vitaly (RUS)"]
[Result "1-0"]
[LiveChessVersion "1.4.8"]
[BlackElo "2545"]
[WhiteElo "2472"]

1. Nf3 c5 2. e4 d6 3. Bc4 Nf6 4. Qe2 Nc6 5. c3 e6 6. Bb3 Be7 7. O-O O-O 8. d4
cxd4 9. cxd4 d5 10. e5 Ne4 11. Be3 f5 12. exf6 Nxf6 13. Nc3 Bd6 14. Rad1 Bd7 15.
Bg5 Qb6 16. Ne5 Bxe5 17. dxe5 Ne8 18. Be3 Qb4 19. Nxd5 exd5 20. Rxd5 Bg4 21. Qxg4
Qxg4 22. Rd4+ Kh8 23. Rxg4 Nxe5 24. Rb4 Nd6 25. Bc5 Rfd8 26. Rd1 Nf5 27. Rxb7
Rxd1+ 28. Bxd1 a5 29. g4 Nh4 30. f4 Nd3 31. Bd4 Nxf4 32. Bxg7+ 1-0

[Event "Rapid 2018"]
[Site "Saint-Petersburg"]
[Date "2018.12.27"]
[Round "10"]
[Board "80"]
[White "Reshetnikov Alexey (RUS)"]
[Black "Tissir Mohamed (MAR)"]
[Result "0-1"]
[LiveChessVersion "1.4.8"]
[BlackElo "2417"]
[WhiteElo "2537"]

1. c4 {[%clk 0:15:18]} Nf6 {[%clk 0:14:58]} 2. Nc3 {[%clk 0:15:25]} g6
{[%clk 0:15:06]} 3. d4 {[%clk 0:15:30]} Bg7 {[%clk 0:15:15]} 4. e4
{[%clk 0:15:04]} d6 {[%clk 0:15:23]} 5. Be2 {[%clk 0:15:13]} O-O {[%clk 0:15:31]}
6. Bg5 {[%clk 0:15:21]} c6 {[%clk 0:15:13]} 7. Qd2 {[%clk 0:14:55]} a6
{[%clk 0:15:22]} 8. Nf3 {[%clk 0:12:07]} b5 {[%clk 0:15:30]} 9. e5
{[%clk 0:11:49]} Ne8 {[%clk 0:15:26]} 10. Rd1 {[%clk 0:11:04]} f6
{[%clk 0:13:01]} 11. exf6 {[%clk 0:11:05]} exf6 {[%clk 0:13:10]} 12. Be3
{[%clk 0:10:09]} f5 {[%clk 0:13:02]} 13. Bh6 {[%clk 0:08:51]} Ra7
{[%clk 0:13:08]} 14. O-O {[%clk 0:08:48]} Nf6 {[%clk 0:13:17]} 15. Bxg7
{[%clk 0:08:21]} Rxg7 {[%clk 0:13:24]} 16. Rfe1 {[%clk 0:08:21]} Ne4
{[%clk 0:09:55]} 17. Qc2 {[%clk 0:08:13]} d5 {[%clk 0:10:04]} 18. cxd5
{[%clk 0:07:44]} cxd5 {[%clk 0:10:13]} 19. Ne5 {[%clk 0:07:20]} Be6
{[%clk 0:08:56]} 20. f3 {[%clk 0:07:07]} Nf6 {[%clk 0:08:54]} 21. Nd3
{[%clk 0:05:51]} Kh8 {[%clk 0:08:43]} 22. Nc5 {[%clk 0:05:49]} Bg8
{[%clk 0:08:15]} 23. b4 {[%clk 0:05:54]} Nh5 {[%clk 0:08:02]} 24. Bf1
{[%clk 0:05:02]} Qf6 {[%clk 0:07:58]} 25. Qd2 {[%clk 0:04:45]} g5
{[%clk 0:07:21]} 26. g3 {[%clk 0:04:15]} Qd6 {[%clk 0:04:56]} 27. a4
{[%clk 0:03:10]} bxa4 {[%clk 0:04:52]} 28. N3xa4 {[%clk 0:03:19]} Nf6
{[%clk 0:03:25]} 29. Qd3 {[%clk 0:01:02]} f4 {[%clk 0:02:18]} 30. g4
{[%clk 0:01:01]} h5 {[%clk 0:02:28]} 31. h3 {[%clk 0:00:51]} hxg4
{[%clk 0:01:42]} 32. hxg4 {[%clk 0:01:00]} Rh7 {[%clk 0:01:51]} 33. Re5
{[%clk 0:01:01]} Nxg4 {[%clk 0:01:28]} 34. fxg4 {[%clk 0:01:03]} f3
{[%clk 0:01:37]} 35. Rd2 {[%clk 0:00:26]} Nc6 {[%clk 0:01:39]} 36. Qe3
{[%clk 0:00:14]} Qh6 {[%clk 0:01:47]} 37. Qxg5 {[%clk 0:00:13]} f2+
{[%clk 0:01:50]} 0-1

[Event "Rapid 2018"]
[Site "Saint-Petersburg"]
[Date "2018.12.27"]
[Round "10"]
[Board "81"]
[White "Maghsoodloo Parham (IRI)"]
[Black "Nozdrachev Vladislav (RUS)"]
[Result "1/2-1/2"]
[LiveChessVersion "1.4.8"]
[BlackElo "2507"]
[WhiteElo "2463"]

1. e4 {[%clk 0:15:18]} e5 {[%clk 0:15:19]} 2. Nf3 {[%clk 0:15:26]} Nc6
{[%clk 0:15:28]} 3. Bb5 {[%clk 0:15:35]} a6 {[%clk 0:15:31]} 4. Ba4
{[%clk 0:15:43]} d6 {[%clk 0:15:40]} 5. O-O {[%clk 0:15:46]} Bd7 {[%clk 0:15:32]}
6. c4 {[%clk 0:15:27]} g5 {[%clk 0:15:17]} 7. Nc3 {[%clk 0:15:19]} g4
{[%clk 0:15:03]} 8. Ne1 {[%clk 0:15:26]} Bg7 {[%clk 0:15:07]} 9. d3
{[%clk 0:15:30]} Nge7 {[%clk 0:15:00]} 10. f4 {[%clk 0:15:35]} gxf3
{[%clk 0:14:46]} 11. Nxf3 {[%clk 0:15:34]} O-O {[%clk 0:14:48]} 12. Nd5
{[%clk 0:15:19]} b5 {[%clk 0:14:00]} 13. Bb3 {[%clk 0:15:25]} Na5
{[%clk 0:12:14]} 14. Bg5 {[%clk 0:14:39]} f6 {[%clk 0:12:21]} 15. Bd2
{[%clk 0:14:38]} Nxb3 {[%clk 0:11:16]} 16. Qxb3 {[%clk 0:13:55]} Nxd5
{[%clk 0:09:58]} 17. cxd5 {[%clk 0:13:59]} f5 {[%clk 0:09:59]} 18. exf5
{[%clk 0:14:00]} Rxf5 {[%clk 0:09:21]} 19. Be3 {[%clk 0:13:52]} Be8
{[%clk 0:09:02]} 20. Qc2 {[%clk 0:13:36]} Bf7 {[%clk 0:08:48]} 21. Qc6
{[%clk 0:12:45]} Be8 {[%clk 0:08:12]} 22. Qc2 {[%clk 0:12:38]} Bf7
{[%clk 0:08:19]} 23. Qc6 {[%clk 0:11:55]} Be8 {[%clk 0:08:24]} 24. Qb7
{[%clk 0:12:04]} Rb8 {[%clk 0:08:00]} 25. Qxa6 {[%clk 0:12:10]} Ra8
{[%clk 0:08:09]} 26. Qb7 {[%clk 0:12:15]} Rb8 {[%clk 0:08:18]} 27. Qa6
{[%clk 0:11:50]} Ra8 {[%clk 0:08:26]} 28. Qb7 {[%clk 0:11:54]} 1/2-1/2